000 00820nam1a2200265 i 4500
001 RU\NLR\BIBL_A\010454626
005 20240726103917.0
010 _a9785699715800
035 _a(NLR Aleph) 010454626
090 _a9944797
_c9944797
100 _a20140718g20149999u y0rusy50 ca
101 1 _arus
_cfre
102 _aRU
105 _ay ||z||||||a
200 1 _aРоза Йорков
_e[роман]
_fЖюльетта Бенцони
_g[пер. с фр. М. Кожевниковой]
210 _aМосква
_cЭксмо
_d2014
215 _d21
225 1 _aЛучшие любовные романы
686 1 _aШ6(4Фр)67-446(Лх1649-60)
700 1 _aБенцони
_bЖ.
_f1920-
_gЖюльетта
852 _aNLR
_j2014-3/21328
942 _cBOOK
980 _aNBR